Movies Quiz

Random Movies or Disney Quiz
Score 0/22 Timer 05:00
8 Plays Today
Quote Film % Correct
Of all the silly nonsense, this is the stupidest tea party I've ever been to in all my life.Alice in Wonderland
75.1%
Look in that mirror. I see a strong, confident young lady. Oh and look, you're here too!Tangled
66.6%
Oh, hey. We're rehearsing a - a scene for the upcoming company play called uh, 'Put That Thing Back Where It Came From or So Help Me.' It's a musical.Monsters, Inc.
66%
I'll think of a mermaid lagoon, underneath a magic moon.Peter Pan
60%
This is yet another example of the late Neoclassic Baroque period. And, as I always say, if it's not Baroque, don't fix it!Beauty and the Beast
59.2%
Oh, he's so handsome...just like his reward posters.Robin Hood
48.9%
If I don't love it, I don't swallow. I will return tomorrow night with high expectations. Pray you don't disappoint me.Ratatouille
45.5%
Humans would put seeds in the ground, pour water on them, and they grow food - like, pizza!WALL·E
44.6%
It's me again. I need someone to be my friend. Someone who won't run away. Maybe send me an angel! The nicest angel you have.Lilo & Stitch
41.1%
Whatcha doin'? Hibernatin'?Bambi
38.6%
Good gracious! Who left the mop running?Sleeping Beauty
37.9%
Quote Film % Correct
And this...well, this is where I live. It's got a disco, it's got a dune buggy, and a whole room just for trying on clothes.Toy Story 3
36.5%
Next thing you know, she'll be tyin' your beards up in pink ribbons and smellin' ya up with that stuff called, uh perfume.Snow White and the Seven Dwarfs
32%
Pawpaw, ha! Of all the silly gibberish.The Jungle Book
30.8%
Come in. Come in, my child. We mustn't lurk in doorways. It's rude. One might question your upbringing.The Little Mermaid
30.3%
On your marks, get set...uno for the money, due for the show, tre to get ready, and quattro to...I can't believe it...go!Cars
27.1%
What is this red liquid coming from my paw?Bolt
18.5%
Oh, great. If anyone attacks we can blink 'em to death.Toy Story
18.4%
Well! Snob hill.Lady and the Tramp
16.3%
This was her favorite candy bar. Because you sent her away, there's more for you.Up
14%
A worm for breakfast? Yuck!The Fox and the Hound
11.5%
Take your foot out of my eye...clumsy ox!Dumbo
7.6%
Remove Ads.
Support Sporcle.
Get the best of Sporcle when you Go Orange. This ad-free experience offers more features, more stats, and more fun while also helping to support Sporcle. Thank you for becoming a member.

You're not logged in!

Compare scores with friends on all Sporcle quizzes.
OR
Log In

Show Comments

Extras

Top Quizzes Today


Score Distribution

Your Account Isn't Verified!

In order to create a playlist on Sporcle, you need to verify the email address you used during registration. Go to your Sporcle Settings to finish the process.

Report this User

Report this user for behavior that violates our Community Guidelines.

Details: